[Event "Titled Tuesday intern op 16th Apr Early"]
[Site "Chess.com INT"]
[Date "2024.04.16"]
[Round "7"]
[White "Manukyan, Sargis A"]
[Black "Tari, Aryan"]
[Result "1-0"]
[WhiteElo "2216"]
[BlackElo "2634"]
[PlyCount "65"]
[EventDate "2024.04.16"]
[EventType "swiss (blitz)"]
[EventRounds "11"]
[EventCountry "USA"]
[SourceTitle "CB17_2024"]
[SourceDate "2024.04.24"]
[SourceVersion "1"]
[SourceVersionDate "2024.04.24"]
[SourceQuality "1"]

1. d4 d5 2. c4 e6 3. Nc3 c5 4. cxd5 cxd4 5. Qxd4 Nc6 6. Qd1 exd5 7. e3 Nf6 8. Nf3 Bb4 9. Bd2 0-0 10. Be2 Ne4 11. Nxe4 dxe4 12. Nd4 Bxd2+ 13. Qxd2 Nxd4 14. Qxd4 Qxd4 15. exd4 Rd8 16. Kd2 Rxd4+ 17. Ke3 Rb4 18. b3 Be6 19. Rhd1 f5 20. Rac1 a5 21. Rd6 Re8 22. Rc5 a4 23. bxa4 f4+ 24. Kxf4 e3+ 25. Kg3 exf2 26. Re5 Kf7 27. Kxf2 Kf6 28. Re3 Rb2 29. Kg3 Kf7 30. a5 Rb4 31. a3 Rb2 32. Rdxe6 Rxe6 33. Bc4 1-0

[Event "Toronto Candidates Blitz op"]
[Site "Toronto"]
[Date "2024.04.08"]
[Round "5"]
[White "Li, Yunshan"]
[Black "Tari, Aryan"]
[Result "0-1"]
[WhiteElo "2262"]
[BlackElo "2634"]
[PlyCount "62"]
[EventDate "2024.04.08"]
[EventType "swiss (blitz)"]
[EventRounds "9"]
[EventCountry "CAN"]
[SourceTitle "CB16_2024"]
[SourceDate "2024.04.17"]
[SourceVersion "1"]
[SourceVersionDate "2024.04.17"]
[SourceQuality "1"]

1. d4 d5 2. c4 e6 3. Nf3 Nf6 4. g3 Be7 5. Bg2 0-0 6. Qc2 c6 7. Nbd2 b6 8. 0-0 c5 9. Rd1 Nc6 10. cxd5 exd5 11. e4 Nb4 12. Qb3 c4 13. Qc3 dxe4 14. Ne5 Nfd5 15. Qxc4 Ba6 16. Qb3 e3 17. fxe3 Rc8 18. a3 Nc2 19. Bxd5 Nxa1 20. Qa2 Nc2 21. Nxf7 Qc7 22. Nd6+ Kh8 23. Nf7+ Rxf7 24. Bxf7 Nxe3 25. Re1 Bg5 26. Nf3 Qxc1 27. Qb1 Qxb1 28. Rxb1 Bf6 29. Re1 Nc2 30. Rd1 Be2 31. Rd2 Bxf3 0-1

[Event "Toronto Candidates Blitz op"]
[Site "Toronto"]
[Date "2024.04.08"]
[Round "7"]
[White "Loeffler, Stefan"]
[Black "Tari, Aryan"]
[Result "0-1"]
[WhiteElo "2318"]
[BlackElo "2634"]
[PlyCount "64"]
[EventDate "2024.04.08"]
[EventType "swiss (blitz)"]
[EventRounds "9"]
[EventCountry "CAN"]
[SourceTitle "CB16_2024"]
[SourceDate "2024.04.17"]
[SourceVersion "1"]
[SourceVersionDate "2024.04.17"]
[SourceQuality "1"]

1. d4 d5 2. c4 e6 3. Nf3 Nf6 4. Bg5 Nbd7 5. e3 Bb4+ 6. Nfd2 0-0 7. Qc2 h6 8. Bh4 b6 9. cxd5 exd5 10. Nc3 Bb7 11. Be2 Be7 12. 0-0 c5 13. Nf3 Rc8 14. Rfd1 a6 15. dxc5 bxc5 16. Qb3 Nb6 17. Bg3 Bd6 18. Na4 Nxa4 19. Qxb7 Bxg3 20. hxg3 Rb8 21. Qxa6 Nxb2 22. Rd2 Ne4 23. Rc2 c4 24. Rb1 c3 25. Nd4 Rb6 26. Qa5 Qf6 27. Bf3 Nd2 28. Rd1 Nxd1 29. Bxd1 Rb1 30. Rxd2 cxd2 31. Qxd2 Rc8 32. Kh2 Rcc1 0-1

[Event "Toronto Candidates Blitz op"]
[Site "Toronto"]
[Date "2024.04.08"]
[Round "2"]
[White "Tari, Aryan"]
[Black "Mao, Fengxi"]
[Result "1-0"]
[WhiteElo "2634"]
[BlackElo "2132"]
[PlyCount "81"]
[EventDate "2024.04.08"]
[EventType "swiss (blitz)"]
[EventRounds "9"]
[EventCountry "CAN"]
[SourceTitle "CB16_2024"]
[SourceDate "2024.04.17"]
[SourceVersion "1"]
[SourceVersionDate "2024.04.17"]
[SourceQuality "1"]

1. e4 c5 2. Nf3 Nc6 3. Bc4 e6 4. 0-0 d5 5. Bb5 dxe4 6. Ne5 Qc7 7. Nxc6 bxc6 8. Ba4 Bd6 9. Nc3 Nf6 10. h3 e5 11. d3 exd3 12. Bg5 0-0 13. Bxf6 gxf6 14. Ne4 Be7 15. Qh5 Kh8 16. Qh6 Rg8 17. Nxf6 Rg7 18. Rae1 Qd6 19. Qxg7+ Kxg7 20. Ne8+ Kg6 21. Nxd6 Bxd6 22. cxd3 Rb8 23. Re2 Ba6 24. Rd1 f5 25. Bxc6 e4 26. dxe4 Bxe2 27. Rxd6+ Kg5 28. Rd2 Bc4 29. b3 Be6 30. exf5 Bxf5 31. Rd5 Kf6 32. Rxc5 Rd8 33. g4 Be6 34. Be4 h6 35. Ra5 Rd7 36. Kg2 Bf7 37. Kg3 Rd4 38. f3 Rd7 39. h4 Be6 40. Ra6 Ke7 41. Rxe6+ 1-0

[Event "Titled Tuesday intern op 12th Mar Late"]
[Site "Chess.com INT"]
[Date "2024.03.12"]
[Round "3"]
[White "Tari, Aryan"]
[Black "Bordi, Kevin Claude"]
[Result "1/2-1/2"]
[WhiteElo "2631"]
[BlackElo "2288"]
[PlyCount "59"]
[EventDate "2024.03.12"]
[EventType "swiss (blitz)"]
[EventRounds "11"]
[EventCountry "USA"]
[SourceTitle "CB12_2024"]
[SourceDate "2023.10.01"]
[SourceVersion "1"]
[SourceVersionDate "2023.10.01"]
[SourceQuality "1"]

1. e4 d5 2. d3 dxe4 3. dxe4 Qxd1+ 4. Kxd1 Nc6 5. c3 f5 6. Bd3 g6 7. Nf3 Nf6 8. exf5 Bxf5 9. Bb5 0-0-0+ 10. Ke2 e5 11. Bg5 Bg7 12. Na3 a6 13. Bxc6 Bd3+ 14. Ke1 bxc6 15. Rd1 Rhe8 16. Nd2 e4 17. Ndc4 Rd5 18. Bf4 g5 19. Be3 Ng4 20. h3 Nxe3 21. Nxe3 Ra5 22. Kd2 Rd8 23. Rhe1 Bf8 24. Kc1 Rxa3 25. bxa3 Bxa3+ 26. Kd2 Bb1+ 27. Ke2 Bd3+ 28. Kd2 Bb1+ 29. Ke2 Bd3+ 30. Kd2 1/2-1/2

[Event "Titled Tuesday intern op 12th Mar Late"]
[Site "Chess.com INT"]
[Date "2024.03.12"]
[Round "4"]
[White "Tari, Aryan"]
[Black "Zou, Chen"]
[Result "1/2-1/2"]
[WhiteElo "2631"]
[BlackElo "2449"]
[PlyCount "129"]
[EventDate "2024.03.12"]
[EventType "swiss (blitz)"]
[EventRounds "11"]
[EventCountry "USA"]
[SourceTitle "CB12_2024"]
[SourceDate "2023.10.01"]
[SourceVersion "1"]
[SourceVersionDate "2023.10.01"]
[SourceQuality "1"]

1. e4 e5 2. Nf3 Nc6 3. Bb5 Nf6 4. d4 exd4 5. e5 Ne4 6. 0-0 a6 7. Ba4 Nc5 8. Bxc6 dxc6 9. Nxd4 Ne6 10. Nf3 Qxd1 11. Rxd1 Be7 12. Nc3 Bd7 13. Ne4 h6 14. h3 0-0-0 15. Be3 b6 16. c4 Kb7 17. Rac1 Bc8 18. Re1 c5 19. Nc3 Bd7 20. Nd5 Rhe8 21. Red1 Bc6 22. Rd2 Bf8 23. Rcd1 Rd7 24. Nh4 Red8 25. Nf5 a5 26. g4 a4 27. h4 b5 28. b3 b4 29. h5 Ra8 30. Ng3 axb3 31. axb3 Ra3 32. Rd3 Rd8 33. Ne4 Nd4 34. Nxb4 Bxe4 35. Nc2 Bxd3 36. Nxa3 Be2 37. Rb1 Bxg4 38. Kg2 Bf5 39. Rb2 Be4+ 40. Kg3 Bc6 41. Nb1 Nf5+ 42. Kf4 Nxe3 43. fxe3 Be7 44. Nc3 Bg5+ 45. Kf5 Bd7+ 46. Ke4 Bc6+ 47. Nd5 Re8 48. b4 cxb4 49. Rxb4+ Kc8 50. Kd4 Kd7 51. e4 Ra8 52. Rb1 Re8 53. Rf1 Rf8 54. Kc5 Bb7 55. Rd1 Kc8 56. Rb1 Re8 57. Rf1 Rf8 58. e6 Bxd5 59. exd5 Be7+ 60. Kc6 fxe6 61. Ra1 Kb8 62. Rb1+ Kc8 63. Ra1 Kb8 64. Rb1+ Kc8 65. Ra1 1/2-1/2

[Event "Titled Tuesday intern op 27th Feb Late"]
[Site "Chess.com INT"]
[Date "2024.02.27"]
[Round "9"]
[White "Tarhan, Adar"]
[Black "Tari, Aryan"]
[Result "1-0"]
[WhiteElo "2415"]
[BlackElo "2635"]
[PlyCount "57"]
[EventDate "2024.02.27"]
[EventType "swiss (blitz)"]
[EventRounds "11"]
[EventCountry "USA"]
[SourceTitle "CB10_2024"]
[SourceDate "2024.03.06"]
[SourceVersion "1"]
[SourceVersionDate "2024.03.06"]
[SourceQuality "1"]

1. e4 e5 2. Nf3 Nc6 3. Bb5 Nge7 4. Nc3 Ng6 5. Ne2 d5 6. exd5 Qxd5 7. Nc3 Qd6 8. d4 exd4 9. Qxd4 Bd7 10. Qxd6 Bxd6 11. Be3 0-0-0 12. 0-0-0 a6 13. Ba4 Nf4 14. Rxd6 cxd6 15. Bxf4 Be6 16. Ne4 b5 17. Bb3 Bxb3 18. axb3 Ne5 19. Nxe5 dxe5 20. Bxe5 f6 21. Nxf6 Rhf8 22. Ne4 Kb7 23. Bxg7 Rg8 24. Be5 Rxg2 25. Bg3 h5 26. h4 Rd4 27. Re1 Kc6 28. Nf6 a5 29. c3 1-0

[Event "Titled Tuesday intern op 27th Feb Late"]
[Site "Chess.com INT"]
[Date "2024.02.27"]
[Round "5"]
[White "Tari, Aryan"]
[Black "Czopor, Maciej"]
[Result "1/2-1/2"]
[WhiteElo "2635"]
[BlackElo "2356"]
[PlyCount "104"]
[EventDate "2024.02.27"]
[EventType "swiss (blitz)"]
[EventRounds "11"]
[EventCountry "USA"]
[SourceTitle "CB10_2024"]
[SourceDate "2024.03.06"]
[SourceVersion "1"]
[SourceVersionDate "2024.03.06"]
[SourceQuality "1"]

1. d4 Nf6 2. Nf3 b6 3. Bg5 Bb7 4. Nbd2 e6 5. e4 h6 6. Bxf6 Qxf6 7. Bd3 d6 8. Qe2 Nd7 9. Ba6 Bxa6 10. Qxa6 Qd8 11. 0-0-0 Be7 12. h4 Qc8 13. Qe2 Qb7 14. g4 0-0-0 15. Kb1 Kb8 16. Nc4 Rhe8 17. g5 d5 18. exd5 exd5 19. Ne3 h5 20. g6 fxg6 21. Rdg1 Nf8 22. Ne5 Bf6 23. f4 Ne6 24. Nxg6 Nxd4 25. Qd3 Re4 26. c3 Ne6 27. Nf5 Nxf4 28. Nxf4 Rxf4 29. Nxg7 Bxg7 30. Rxg7 d4 31. Re1 Qf3 32. Qc4 Rc8 33. cxd4 Qf2 34. Rd1 Rxh4 35. Ka1 Rh2 36. Rb1 h4 37. d5 Qc2 38. Qf4 Qd2 39. Qe5 Re2 40. Qh5 h3 41. d6 Re1 42. dxc7+ Rxc7 43. Rg8+ Kb7 44. Qf3+ Ka6 45. Qa3+ Kb7 46. Qf3+ Ka6 47. Rg1 Rxb1+ 48. Rxb1 Rc1 49. Qa3+ Kb7 50. Qf3+ Ka6 51. Qa3+ Kb7 52. Qf3+ Ka6 1/2-1/2

[Event "Titled Tuesday intern op 27th Feb Late"]
[Site "Chess.com INT"]
[Date "2024.02.27"]
[Round "7"]
[White "Tari, Aryan"]
[Black "Thomforde Toates, Noah"]
[Result "1-0"]
[WhiteElo "2635"]
[BlackElo "2124"]
[PlyCount "77"]
[EventDate "2024.02.27"]
[EventType "swiss (blitz)"]
[EventRounds "11"]
[EventCountry "USA"]
[SourceTitle "CB10_2024"]
[SourceDate "2024.03.06"]
[SourceVersion "1"]
[SourceVersionDate "2024.03.06"]
[SourceQuality "1"]

1. e4 c5 2. Nc3 g6 3. d4 cxd4 4. Qxd4 Nf6 5. Nf3 Nc6 6. Qa4 d6 7. e5 dxe5 8. Nxe5 Bd7 9. Nxd7 Nxd7 10. Bb5 Bg7 11. Bxc6 bxc6 12. 0-0 0-0 13. Rd1 Bxc3 14. bxc3 Nb6 15. Qg4 Qc8 16. Qe2 Qf5 17. Bh6 Rfe8 18. Rd4 e5 19. Re1 f6 20. Rd6 Re6 21. g4 Rxd6 22. gxf5 Rad8 23. Kh1 Kf7 24. Rg1 Nd5 25. Qg4 Ne7 26. fxg6+ hxg6 27. Be3 Rh8 28. Bc5 Re6 29. Bxe7 Rxe7 30. Qxg6+ Ke6 31. f4 Reh7 32. Rg2 Rh6 33. Qe4 Rh4 34. Qxc6+ Kf5 35. fxe5 fxe5 36. Qg6+ Kf4 37. Rf2+ Ke3 38. Qg3+ Ke4 39. Qf3# 1-0

[Event "Titled Tuesday intern op 13th Feb Late"]
[Site "Chess.com INT"]
[Date "2024.02.13"]
[Round "8"]
[White "Hong, Andrew Z"]
[Black "Tari, Aryan"]
[Result "1-0"]
[WhiteElo "2542"]
[BlackElo "2635"]
[PlyCount "41"]
[EventDate "2024.02.13"]
[EventType "swiss (blitz)"]
[EventRounds "11"]
[EventCountry "USA"]
[SourceTitle "CB08_2024"]
[SourceDate "2024.02.21"]
[SourceVersion "1"]
[SourceVersionDate "2024.02.21"]
[SourceQuality "1"]

1. e4 e5 2. Nf3 Nc6 3. Bb5 Nf6 4. 0-0 Nxe4 5. d4 Nd6 6. dxe5 Nxb5 7. a4 Nbd4 8. Nxd4 d5 9. Nxc6 bxc6 10. Qd3 Qd7 11. Nd2 c5 12. c4 c6 13. f4 g6 14. f5 gxf5 15. Nf3 Ba6 16. Qc3 Bg7 17. b3 dxc4 18. bxc4 Qe6 19. Bg5 Qxc4 20. Qa5 Bc8 21. Qd8# 1-0

[Event "Titled Tuesday intern op 06th Feb Late"]
[Site "Chess.com INT"]
[Date "2024.02.06"]
[Round "6"]
[White "Rozman, Levy"]
[Black "Tari, Aryan"]
[Result "1-0"]
[WhiteElo "2322"]
[BlackElo "2635"]
[PlyCount "119"]
[EventDate "2024.02.06"]
[EventType "swiss (blitz)"]
[EventRounds "11"]
[EventCountry "USA"]
[SourceTitle "CB07_2024"]
[SourceDate "2024.02.14"]
[SourceVersion "1"]
[SourceVersionDate "2024.02.14"]
[SourceQuality "1"]

1. e4 e5 2. Nf3 Nc6 3. c3 Nf6 4. d4 exd4 5. e5 Nd5 6. Qb3 Nb6 7. cxd4 d6 8. Bb5 Be6 9. Qc2 Qd7 10. 0-0 a6 11. Bxc6 Qxc6 12. Qxc6+ bxc6 13. Bf4 Nd5 14. Bg3 h6 15. Rc1 Kd7 16. Nbd2 Be7 17. Nc4 a5 18. Nfd2 Bf5 19. Ne3 Nxe3 20. fxe3 Rhb8 21. b3 a4 22. Kf2 Be6 23. bxa4 Rxa4 24. Rc2 Rba8 25. Ne4 Bf5 26. Kf3 d5 27. Nc5+ Bxc5 28. Rxc5 Be4+ 29. Kg4 Rxa2 30. Rf1 Bg6 31. Kh3 Re2 32. Rf3 Raa2 33. Rc1 Rxg2 34. Rc3 Rgb2 35. Kg4 Rc2 36. Rb3 Ke6 37. Rb7 Bd3 38. Rf4 Bg6 39. Rxc7 Ra3 40. Bh4 Bf5+ 41. Rxf5 Rg2+ 42. Kh3 Kxf5 43. Kxg2 Rxe3 44. Bf2 Re2 45. Rxf7+ Kg6 46. Rf3 Re4 47. Rg3+ Kf7 48. Kf3 g5 49. Rg4 Rxg4 50. Kxg4 Kg6 51. h4 h5+ 52. Kf3 Kf5 53. hxg5 Kxg5 54. Be3+ Kf5 55. Bf2 c5 56. dxc5 Kxe5 57. Ke2 Ke6 58. Kd3 Kd7 59. Kd4 Ke6 60. Bg3 1-0